Normal view
MARC view
- Kashif Mushtaq (328962)
Entry Personal Name
001 - CONTROL NUMBER
- control field: 124868
003 - CONTROL NUMBER IDENTIFIER
- control field: NUST
005 - DATE AND TIME OF LATEST TRANSACTION
- control field: 20240730114943.0
008 - FIXED-LENGTH DATA ELEMENTS
- fixed length control field: 240730|| aca||aabn | a|a d
040 ## - CATALOGING SOURCE
- Original cataloging agency: NUST
- Transcribing agency: NUST
100 ## - HEADING--PERSONAL NAME
- Personal name: Kashif Mushtaq (328962)
670 ## - SOURCE DATA FOUND
- Source citation: Work cat.: (NUST): Kashif Mushtaq (328962), Utilizing Evaporative Cooling for Efficient Thermal Management of Lithium-Ion Batteries in Electric Vehicles /
